Indiquez la profession des parents ! 11 - Statistiques

Statistiques générales
  • Ce quiz a été pris 7 fois
  • Le résultat moyen est 2 sur 20
Statistiques - réponses
Hint Réponse % Correct
Smaïn Balayeur / Femme de ménage
50%
Sagamore Stévenin Acteur / Psychanaliste
17%
Fernand Sardou Artistes de variété
17%
Raymond Souplex Chef d'un bureau de bienfaisance
17%
Noël Roquevert Comédiens ambulants
17%
Jean Rochefort Employé de la Banque de France / Ciomptable
17%
Elie Semoun Employé des PTT / Professeur
17%
Pierre Richard Industriel
17%
Pierre Santini Artiste peintre
0%
Pierre Renoir Artiste peintre / Couturière
0%
Jean-Marc Thibault Cuisinier
0%
Sim Electricien de cinéma
0%
Guillaume de Tonquédec Ingénieur / Agent immobilier
0%
Patrick Timsit Maroquinier
0%
Charles Dullin Notaire
0%
Omar Sy Ouvrier / Femme de ménage
0%
Titoff Peintre en bâtiment / Coiffeuse
0%
Denis Podalydès Pharmacien / Professeur
0%
Michel Serrault Représentant
0%
Bruno Solo Staffeur
0%
Aucun quiz correspondant
Distribution des résultats
% des personnes avec chaque résultat
Percentile par nombre de réponses
Votre historique - résultats
Vous n’avez pas pris ce quiz